Bankovníctvo

Gespeichert in:
Bibliographische Detailangaben
1. Verfasser: Kudzbel, Marek
Format: Buch
Sprache:Slowakisch
Veröffentlicht: Bratislava MARADA 2000
Schlagworte:
Tags: Tag hinzufügen
Keine Tags, Fügen Sie das erste Tag hinzu!

MARC

LEADER 00000nam a2200000 4500
001 c123823
005 20221108092943.4
020 |a 80-968458-0-2 
041 0 |a slo 
044 |a SK 
245 1 0 |a Bankovníctvo  |c Marek Kudzbel 
264 1 |a Bratislava  |b MARADA  |c 2000 
300 |a 126 s. 
610 2 0 |a bankovníctvo 
610 2 0 |a banky 
610 2 0 |a trh finančný 
610 2 0 |a operácie bankové 
610 2 0 |a bankovníctvo investičné 
610 2 0 |a peniaze 
610 2 0 |a papiere cenné 
610 2 0 |a úver 
610 2 0 |a dlhopisy 
610 2 0 |a obchody bankové 
610 2 0 |a obchody burzové 
610 2 0 |a opcie 
610 2 0 |a swap 
100 1 |a Kudzbel, Marek